A first course in finite elements / (Record no. 548842)

000 -LEADER
fixed length control field 00891cam a22002177a 4500
020 ## - INTERNATIONAL STANDARD BOOK NUMBER
International Standard Book Number 0470035803 (pbk.)
020 ## - INTERNATIONAL STANDARD BOOK NUMBER
International Standard Book Number 9780470035801 (pbk.)
082 04 - DEWEY DECIMAL CLASSIFICATION NUMBER
Classification number 620.151825
-- D
Author Mark FIS
100 1# - MAIN ENTRY--PERSONAL NAME
Personal name Fish, J.
9 (RLIN) 45282
245 12 - TITLE STATEMENT
Title A first course in finite elements /
Statement of responsibility, etc. Jacob Fish, Ted Belytschko.
260 ## - PUBLICATION, DISTRIBUTION, ETC.
Place of publication, distribution, etc. Chichester, England ;
-- Hoboken, NJ :
Name of publisher, distributor, etc. John Wiley & Sons Ltd.,
Date of publication, distribution, etc. c2007.
300 ## - PHYSICAL DESCRIPTION
Extent xiv, 319 p., [8] p. of plates :
Other physical details ill. (some col.) ;
Dimensions 25 cm. +
Accompanying material 1 CD-ROM (4 3/4 in.)
526 ## - STUDY PROGRAM INFORMATION NOTE
Program name 0
Interest level 0
Reading level 0
Title point value 620_000000000000000_151825FIS
650 #0 - SUBJECT ADDED ENTRY--TOPICAL TERM
Topical term or geographic name entry element Finite element method.
9 (RLIN) 1938
650 #0 - SUBJECT ADDED ENTRY--TOPICAL TERM
Topical term or geographic name entry element MCE
9 (RLIN) 379
700 1# - ADDED ENTRY--PERSONAL NAME
Personal name Belytschko, Ted,
9 (RLIN) 45283
856 41 - ELECTRONIC LOCATION AND ACCESS
Uniform Resource Identifier <a href="http://www.loc.gov/catdir/enhancements/fy0741/2007298648-t.html">http://www.loc.gov/catdir/enhancements/fy0741/2007298648-t.html</a>
856 42 - ELECTRONIC LOCATION AND ACCESS
Uniform Resource Identifier <a href="http://www.loc.gov/catdir/enhancements/fy0741/2007298648-b.html">http://www.loc.gov/catdir/enhancements/fy0741/2007298648-b.html</a>
856 42 - ELECTRONIC LOCATION AND ACCESS
Uniform Resource Identifier <a href="http://www.loc.gov/catdir/enhancements/fy0741/2007298648-d.html">http://www.loc.gov/catdir/enhancements/fy0741/2007298648-d.html</a>
942 ## - ADDED ENTRY ELEMENTS (KOHA)
Source of classification or shelving scheme
Koha item type Book
Holdings
Withdrawn status Lost status Source of classification or shelving scheme Damaged status Not for loan Permanent Location Current Location Date acquired Total Checkouts Full call number Barcode Date last seen Price effective from Koha item type
          Military College of Engineering (MCE) Military College of Engineering (MCE) 09/09/2014   620.151825FIS MCE-46258 09/09/2014 03/14/2021 Book
© 2023 Central Library, National University of Sciences and Technology. All Rights Reserved.